00685nam a2200241 a 4500001001300000003000900013005001700022008004100039020000800080082001900088100001900107245002300126260002900149300000900178500003500187505003700222650001900259700001900278902000800297942000700305952011600312999001500428nice12345678IN_TiNIC20260116012906.0050524s1966 alia grp 000 0 urd  ac600a891.4391bWAH2 aWaheed, Akhtar aPatharon Ka Mughni aAligarhbUrdu Gharc1966 a248p aincludes index and biblioraphy2 aGlossary, Bibliography and index aUrdu-Philology1 aWaheed, Akhtar bSRS cBK 001040708StackRoom-aHMIbHMId2007-05-30g6.00l0o891.4391 WAH2p011480r2007-05-30v6.00w2005-05-24yBK c8776d8776